000 01369nam0a2200349 4500
001 RU\NLR\BIBL_A\012616127
005 20211122110417.0
010 _a978-5-9691-2055-6
_91000
021 _aRU
_bКН-П-21-038914
_9КН-П-21-3039
035 _a(NLR Aleph) 012616127
090 _a12624672
_c12624672
100 _a20211011d2021 u y0rusy50 ca
101 0 _arus
102 _aRU
105 _aa|||z|||000ay
181 0 _ai
_baxxe
182 0 _an
200 1 _aПтица Мамыра
_eроман
_fИрина Витковская
_gрисунки: Александра Николаенко
203 _aТекст
_bвизуальный
_cнепосредственный
210 _aМосква
_cВремя
_d2021
215 _a475, [5] с., [8] л. ил.
_d17
225 1 _aСерия "Время читать!"
320 _aДр. кн. авт. на 4-й с. обл.
333 _a16+
686 2 _aШ6(2=Р)8-440.4
700 1 _aВитковская
_bИ. В.
_f1959-
_gИрина Валерьевна
702 1 _4040
_7ca
_8rus
_aНиколаенко
_bА. В.
_cхудожник, писатель
_gАлександра Вадимовна
_979761
_3RU\NLR\AUTH\7796835
942 _cBOOK
980 _aNB